| 000 | 01068 a2200181 4500 | ||
|---|---|---|---|
| 003 | Nust | ||
| 005 | 20170207154148.0 | ||
| 040 | _cNust | ||
| 082 | _a 005.133 | ||
| 100 | _aP Kantkar, Yashavant | ||
| 245 |
_aLet Us C _hYashavant P Kantkar |
||
| 250 | _a3rd Ed | ||
| 260 |
_a Delhi _bBPB _c1999 |
||
| 300 | _a772 p | ||
| 505 | _aGetting Started (Page-1) The Decision Control Structure (Page-37) The Loop Control Structure (Page-71) The Case Control Structure (Page-103) Functions (Page-121) Data Types Revisited (Page-167) The C Preprocessor (Page-191) Arrays (Page-213) Puppetting on Strings (Page-261) Structures (Page-289) Input/ Output (Page-313) Fundamental Computer Concepts (Page-397) Operating Systems Fundamentals(Page-415) Disk Basics (Page-435) VDU Basics (Page-459) Keyboard Basics (Page-495) Interaction With Hardware Through C (Page-505) Operations on Bits (Page-537) The Leftovers (Page-559) Graphics Programming (Page-581) Mouse Programming (Page-621) Additional Problems (Page-651) | ||
| 538 | _aAlmirah No.125 and Shelf No.2 | ||
| 650 | _aLet Us C | ||
| 942 |
_2ddc _cBK |
||
| 999 |
_c194541 _d194541 |
||